[Event "Premier"]
[Site "Hastings ENG"]
[Date "2002.12.30"]
[Round "3"]
[White "Flear,G"]
[Black "Barsov,A"]
[Result "1/2-1/2"]
[WhiteElo "2527"]
[BlackElo "2525"]

1.d4 e6 2.c4 Nf6 3.Nc3 Bb4 4.e3 O-O 5.Ne2 d5 6.a3 Be7 7.cxd5 Nxd5 8.g3 Nxc3
9.Nxc3 c5 10.d5 exd5 11.Nxd5 Nd7 12.Bg2 Nf6 13.Nxe7+ Qxe7 14.Qc2 Re8 15.O-O Ne4
16.f3 Ng5 17.e4 Ne6 18.Be3 b6 19.Rfd1 Bb7 20.Rd2 Rad8 21.Rad1 Rxd2 22.Rxd2 Rd8
23.Qd1 Nd4 24.b4 Qd7 25.Bf1 f5 26.Bc4+ Kh8 27.Bxd4 cxd4 28.Bd5 fxe4 29.fxe4 Ba6
30.Rxd4 Qc8 31.Bc6 Rf8 32.b5 Qc7 33.Rd7 Qe5 34.Qd4 Qg5 35.Kg2 Bc8 36.Qd6 Rg8
37.Rf7 Bh3+ 38.Kxh3 Qh5+ 39.Kg2 Qxf7 40.Bd5 Qh5 41.Bxg8 Qe2+ 42.Kh3 Qh5+  1/2-1/2

[Event "Premier"]
[Site "Hastings ENG"]
[Date "2002.12.31"]
[Round "3"]
[White "Pert,N"]
[Black "Zhang Zhong"]
[Result "1/2-1/2"]
[WhiteElo "2451"]
[BlackElo "2657"]

1.d4 Nf6 2.Nf3 e6 3.c4 b6 4.a3 Ba6 5.Qc2 Bb7 6.Nc3 c5 7.e4 cxd4 8.Nxd4 Bc5
9.Nb3 Nc6 10.Bd3 h6 11.Qe2 e5 12.Nd5 a5 13.a4 O-O 14.O-O d6 15.Qf3 Nxd5 16.exd5 Nd4
17.Nxd4 Bxd4 18.Be3 Bxe3 19.fxe3 g6 20.Qf6 Qxf6 21.Rxf6 Rad8 22.b4 Bc8 23.Rf2 f5
24.Rb1 e4 25.Bf1 Kf7 26.Rc2 Bd7 27.bxa5 bxa5 28.c5 dxc5 29.Rxc5 Bxa4 30.Rxa5 Ra8
31.Rb7+ Kf6 32.Rb6+ Kg7  1/2-1/2

[Event "Premier"]
[Site "Hastings ENG"]
[Date "2002.12.31"]
[Round "4"]
[White "Tseshkovsky,V"]
[Black "Harikrishna,P"]
[Result "1/2-1/2"]
[WhiteElo "2545"]
[BlackElo "2551"]

1.e4 e5 2.Nf3 Nc6 3.d4 exd4 4.Nxd4 Nf6 5.Nxc6 bxc6 6.e5 Qe7 7.Qe2 Nd5 8.c4 Ba6
9.b3 g6 10.f4 Bg7 11.Qf2 Nb6 12.c5 Bxf1 13.cxb6 Ba6 14.Ba3 Qd8 15.bxc7 Qxc7
16.Bd6 Qa5+ 17.Qd2 Qxd2+ 18.Nxd2 Bd3 19.O-O-O Bf5 20.Rde1 Bf8 21.Bxf8 Kxf8
22.h3 Be6 23.Rhf1 Ke7 24.g4 Bd5 25.Ne4 h5 26.f5 hxg4 27.hxg4 gxf5 28.gxf5 Rag8
29.Rf2 Rh4 30.Nf6 Rgh8 31.Rd1 Rh1 32.Rd2 Rxd1+ 33.Rxd1 Rh2 34.Nxd5+ cxd5
35.a4 Rf2 36.Rxd5 Rxf5 37.Ra5 Ke6 38.Rxa7 Rxe5 39.a5 f5 40.Ra8 Kd6 41.Kd2 f4
42.Rf8  1/2-1/2

[Event "Premier"]
[Site "Hastings ENG"]
[Date "2003.01.01"]
[Round "5"]
[White "Harikrishna,P"]
[Black "Arkell,K"]
[Result "1/2-1/2"]
[WhiteElo "2551"]
[BlackElo "2521"]

1.d4 e6 2.c4 Bb4+ 3.Bd2 Bxd2+ 4.Nxd2 d5 5.Ngf3 Nf6 6.e3 Nbd7 7.Bd3 O-O 8.O-O b6
9.cxd5 exd5 10.Rc1 Bb7 11.b4 c6 12.Ne5 Nxe5 13.dxe5 Nd7 14.f4 Qe7 15.Nf3 f6
16.Qc2 fxe5 17.Bxh7+ Kh8 18.Ng5 e4 19.Qe2 Rf6 20.Bf5 Rh6 21.Bxd7 Qxd7 22.f5 a5
23.Qb2 Qe7 24.Ne6 axb4 25.g4 c5 26.g5 Rxe6 27.fxe6 Qxg5+ 28.Kh1 d4 29.Rf7 Bd5
30.Rg1 Qh6 31.Qg2 Rg8 32.exd4 cxd4 33.Rd7 Ba8 34.Ra7 Bc6 35.Rc7 Qxe6 36.Rxg7 e3
37.Rxg8+ Kh7  1/2-1/2